| 000 | 00589nam a2200241 a 4500 | ||
|---|---|---|---|
| 001 | nice12345678 | ||
| 003 | IN_TiNIC | ||
| 005 | 20260116011523.0 | ||
| 008 | 050524s1907 lona grp 000 0 eng | ||
| 020 |
_a _c100 |
||
| 082 | 0 | 0 |
_a323.8 _bCAR |
| 100 | _aGarvie, Alfred E | ||
| 245 | _aStudies in the Inner Life of Jesus. | ||
| 260 |
_aLondon _bHodder & Stoughton _c1907 |
||
| 300 | _a543p | ||
| 500 | _aincludes index and biblioraphy | ||
| 505 | 2 | _aIndex | |
| 650 | _aJesus Christ-Divinity | ||
| 700 | 1 | _aGarvie, Alfred E | |
| 902 | _bSRS | ||
| 942 | _cBK | ||
| 999 |
_c2273 _d2273 |
||